000 01784nam a22003131i 4500
999 _c175872
_d175872
003 OSt
005 20200106165409.0
008 200106t20182018nyu |||gr|||| 000 0 eng d
020 _a9780062694638
_cRM 89.90
_qhardback
040 _aPPAK
_beng
_cPPAK
_erda
082 0 4 _223
_a650.1
090 0 0 _a650.1
_bGIN
_dG
100 1 _aGino, Francesca
_eauthor.
245 1 0 _aREBEL TALENT :
_bWhy It Pays to BREAK THE RULES at Work and in Life /
_cFRANCESCA GINO
250 _a First edition.
264 1 _a New York, NY :
_bDey Street Books, an imprint of William Morrow ;
_c2018
264 4 _c©2018.
300 _a xvii, 283 pages ;
_c24 cm
336 _2rdacontent
_atext
337 _2rdamedia
_aunmediated
338 _2rdacarrier
_avolume
500 _a"Busy hands = happy brain!" -- Cover.
504 _aIncludes bibliographical references (pages 231-269) and index.
505 _a Introduction: Marcia! -- Napoleon and the hoodie : the paradox of rebel status -- The dog named "Hot" : a talent for novelty -- The vanishing elephant : a talent for curiosity -- The Hudson River is a runway : a talent for perspective -- Uncomfortable truths : a talent for diversity -- Coach Cheeks sings the national anthem : a talent for authenticity -- The secret of story : the transformative power of engagement -- Becoming a rebel leader : Blackbeard, "flatness," and the 8 principles of rebel leadership -- Conclusion: Risotto cacio e pepe -- Epilogue: Rebel action.
520 _aA behavioral scientist explores why "rebels" with unconventional outlooks who break the rules find the greatest success, discussing how they drive innovation and reinvention by defying the status quo.
650 1 0 _aCreative ability in business.
650 1 0 _aSuccess in business.
942 _2ddc
_cB